00882cam a2200241 a 450000100100000000500170001000800410002702000150006804000250008304100380010808200170014610000180016324000330018124501320021426000600034630000280040650400410043453400540047565000270052965000230055665000330057970000280061200002451020200930023218.0850726s1996 xxua 000 | spa d a0881133795 aDO-SdBNPbspacBNPHU17aenghspa2Código de idioma MARC a113.8bD635f1 aDobson, James10aLife on the edge.lEspañol10aFrente a la vida :bun plan para disfrutar una vida de sentido y realización /cJames Dobson ; traducción Eugenio Orellana. aNashville, (Estados Unidos) :bEditorial Caribe,c1996. a233 p. :bil. ;c22 cm. aIncluye referencias bibliográficas aTítulo original en inglés :tLife on the edge 4aFilosofía de la vida 4aVida (filosofía) 4aVidaxAspectos filosóficos1 aOrellana, Eugenio,etr.